000 00824cam a2200241 a 4500
001 vtls003142205
003 MY-SjTCS
005 20200226113839.0
008 110218s2008 caua 001 0 eng d
020 _a9781600581304 (pbk.)
020 _a1600581307 (pbk.)
039 9 _a201102181721
_bVLOAD
_c200909241230
_dsiew_eng
_c200909011616
_dshuhada
_c200909011515
_dshuhada
_y200905151827
_zwei haan
082 0 4 _a743.6
_bGET
100 1 _aGetha, Patricia.
_933718
245 1 4 _aThe art of drawing animals /
_cwith Patricia Getha ... [et al.].
260 _aLaguna Hills, Calif. :
_bWalter Foster,
_cc2008.
300 _a144 p. :
_bill. ;
_c31 cm.
500 _aIncludes index.
650 0 _aAnimals in art.
_917328
650 0 _aDrawing
_xTechnique.
_99441
700 1 _aGetha, Patricia.
_933718
920 _aBLT(DIP): 528397
999 _c122775